<?xml version="1.0" encoding="UTF-8"?>
<collection xmlns="http://www.loc.gov/MARC21/slim">
 <record>
  <leader>00605cam a2200181 7i4500</leader>
  <controlfield tag="001">0000010482</controlfield>
  <controlfield tag="005">20150325090000.0</controlfield>
  <controlfield tag="003">  iicp-my</controlfield>
  <controlfield tag="005">  20030829093200.0</controlfield>
  <controlfield tag="008">030122                       000 0 eng d</controlfield>
  <datafield tag="020" ind1=" " ind2=" ">
   <subfield code="a">0130907383 </subfield>
  </datafield>
  <datafield tag="039" ind1=" " ind2="9">
   <subfield code="a">200308290932</subfield>
   <subfield code="b">Yusnizam</subfield>
   <subfield code="c">200308290931</subfield>
   <subfield code="d">Yusnizam</subfield>
   <subfield code="c">200308290931</subfield>
   <subfield code="d">Yusnizam</subfield>
   <subfield code="c">200308290928</subfield>
   <subfield code="d">Yusnizam</subfield>
   <subfield code="y">200301221154</subfield>
   <subfield code="z">staff</subfield>
  </datafield>
  <datafield tag="090" ind1="0" ind2="0">
   <subfield code="a">306 </subfield>
   <subfield code="b">EMB</subfield>
  </datafield>
  <datafield tag="100" ind1="1" ind2=" ">
   <subfield code="a">Ember, Carol R. </subfield>
  </datafield>
  <datafield tag="245" ind1="0" ind2="0">
   <subfield code="a">Cultural anthropology  </subfield>
   <subfield code="c">by Carol R. Ember and Melvin Ember.</subfield>
  </datafield>
  <datafield tag="260" ind1=" " ind2=" ">
   <subfield code="a">New Jersey: </subfield>
   <subfield code="b">Prentice Hal, </subfield>
   <subfield code="c">2002.</subfield>
  </datafield>
  <datafield tag="500" ind1=" " ind2=" ">
   <subfield code="a">Cd-Rom only</subfield>
  </datafield>
  <datafield tag="999" ind1=" " ind2=" ">
   <subfield code="a">1000017310</subfield>
   <subfield code="b">Book</subfield>
   <subfield code="c">Open Shelf</subfield>
  </datafield>
 </record>
</collection>
